Регионална библиотека "Любен Каравелов" - Русе

Вадим Федорович Рындин (Запис номер 210374)

MARC детайли
000 -Лидер
Контролно поле с фиксирана дължина 01862nkm a2200409 c 4500
003 - Код на организацията, давaща контролен номер
Контролно поле BLK
005 - Дата и час на последна редакция
Контролно поле 20180421002031.0
008 - Елементи от данни с фиксирана дължина
fixed length control field 180412b bul rap|r|||| r0| ||bulo|
010 ## - Наследен системен номер
LC control number KNG00165063000
040 ## - Източник на каталожния запис
Идентификатор на билиотеката - собственик на записа BLK
041 ## - Код за език
Код за езика на текст/звукозапис или на отделно заглавие Руски
Код за езика КДБФ Руски
Други езици Английски
080 ## - УДК
Текстов определител УДК Театрална живопис. Сценография
УДК код - определител по УДК 75.054
УДК определител (47+57)(092)
УДК - код + определител 75.054(47+57)(092)
080 ## - УДК
Текстов определител УДК Театрален реквизит. Декори. Сценография. Тетрална живопис. Вж и 75.054
УДК код - определител по УДК 792.023
УДК определител (47+57)
УДК - код + определител 792.023(47+57)
080 ## - УДК
Текстов определител УДК Съветски театрален художник(1902-1974)
УДК код - определител по УДК 929 Риндин, Вадим Фьодорович
УДК определител
УДК - код + определител 929 Риндин, Вадим Фьодорович
100 1# - Редна дума - Автор
Автор Соколова, Наталья Ивановна
Авторска отговорност първи автор
R(LIN) 352403
139 ## - Редно поле
Редна дума Соколова, Наталья Ивановна
Авторски знак Ръс - Р 98
245 10 - Сведения за заглавието
Заглавие Вадим Федорович Рындин
Редно поле (дума) Наталья Ивановна Соколова.
257 ## - Страна на издаване
Страна на създаване/издаване СССР
260 ## - Област на издателските данни
-- Москва
Име на издателя, разпространителя и проч. Сов. художник
Година на издаване 1971
300 ## - Физическа характеристика
Страници 200 с.
Илюстрации и др. с ил.
Размери/Мащаб 21Х27 см
380 ## - Жанр
Жанр Изкуство
500 ## - Общи забележки
Забележка 20 000 тир.
600 14 - Име на лице, използвано като предмет
За него / За нея Риндин, Вадим Фьодорович
9 (RLIN) 224222
650 #4 - Допълнително описание по предмет – тема
Основно описание – тема или топоним Сценография
9 (RLIN) 172763
650 #4 - Допълнително описание по предмет – тема
Основно описание – тема или топоним Риндин, Вадим Фьодорович
9 (RLIN) 224222
651 #4 - Допълнително описание по предмет - топоним
Географско понятие СССР
9 (RLIN) 179592
653 ## - Ключова дума – ненормативна
Ключова дума сценография
653 ## - Ключова дума – ненормативна
Ключова дума театрална живопис
653 ## - Ключова дума – ненормативна
Ключова дума Вадим Риндин
653 ## - Ключова дума – ненормативна
Ключова дума социалистически реализъм
653 ## - Ключова дума – ненормативна
Ключова дума конструктивизъм
852 ## - Местоположение
Форматна сигнатура Цб Гр А 1070
856 4# - Електронен адрес и достъп
Електронен формат pdf - файл
Път до файла /url/
856 4# - Електронен адрес и достъп
Електронен формат pdf - файл
Път до файла /url/
942 ## - АРТИКУЛИ
Вид на библиотечния материал Графични издания
Скрит в OPAC Не
944 ## - СЪЗДАВАНЕ И РЕДАКЦИЯ на ЗАПИСА
Създаване/Редакция Създаване
Дата на регистрацията/редакция 19.09.2014
Статус, дата на статуса 19.09.2014 - от С1,Р / 19.09.2014
Служител, извършил регистрацията/редакцията Камелия_Данева
944 ## - СЪЗДАВАНЕ И РЕДАКЦИЯ на ЗАПИСА
Създаване/Редакция Редакция
Дата на регистрацията/редакция 13.02.2015
Статус, дата на статуса 19.09.2014 - от С1,Р / 19.09.2014
Служител, извършил регистрацията/редакцията Ирена_Линкова
999 ## - СИСТЕМНИ КОНТРОЛНИ НОМЕРА
Koha biblionumber 210374
Koha biblioitemnumber 210374
Наличности
Код за отписване Код за изгубен артикул Източник на класификационната схема Код за повреда Коз за рестрикции Код за отдаване Артикулен № Име на библиотеката - собственик Име на библиотеката, в която се намира в момента Статус (Текущо местоположение) Дата на вписване в системата Местоположение - отдел Цена в лева Инвентарен номер Систематично азбучна сигнатура Баркод Номер на екземпляра Цена в евро Служебна бележка Служебен тип на артикула
  Не е изгубен Universal Decimal Classification Не е повреден без рестрикции заемане за дома 361936 Регионална библиотека "Любен Каравелов" Русе Регионална библиотека "Любен Каравелов" Русе Основен фонд - ползва се само за читалня 1971-01-01 Отдел Изкуство - подръчен фонд 5.12 203213 75.05/Р 98 120000203213 1 2.62 Дост: Pk Вид: Ф N: стар фонд Дата: 01.01.1971 Дата инв: 04.06.2015 Бележки инв: ГрИ2015 Графични издания
Vip Innovations Ltd, Rousse, Bulgaria 2025